Ecology and quality of life in urban slums: (Record no. 7880)

MARC details
000 -LEADER
fixed length control field 00560 a2200181 4500
010 ## - LCCN (DPL NO)
LC control number ENG-88237
020 ## - INTERNATIONAL STANDARD BOOK NUMBER
International Standard Book Number 8180693732
Terms of availability 350.00
035 ## - SYSTEM CONTROL NUMBER
System control number EN-71770
037 ## - SOURCE OF ACQUISITION
Source of stock number/acquisition DBAD / PUB
082 14 - DEWEY DECIMAL CLASSIFICATION NUMBER
Classification number 307.76095453
100 1# - MAIN ENTRY--PERSONAL NAME
Personal name Sinha, Rekha
245 1# - TITLE STATEMENT
Title Ecology and quality of life in urban slums:
Statement of responsibility, etc by Rekha Sinha [and] U.P. Sinha
Remainder of title an empirical study/
260 ## - PUBLICATION, DISTRIBUTION, ETC. (IMPRINT)
Place of publication, distribution, etc New Delhi
Name of publisher, distributor, etc Concept Publishing
Date of publication, distribution, etc 2007
300 ## - PHYSICAL DESCRIPTION
Extent xviii, 173p.
Dimensions 22cm (Hb)
500 ## - GENERAL NOTE
General note Includes index
700 ## - ADDED ENTRY--PERSONAL NAME
Personal name Sinha, U.P.
942 ## - ADDED ENTRY ELEMENTS (KOHA)
Institution code [OBSOLETE] dpl
Item type English Books
Source of classification or shelving scheme Dewey Decimal Classification
Classification part 307.76095453
Call number suffix SIN
Holdings
Withdrawn status Lost status Not for loan Collection code Home library Current library Date acquired Source of acquisition Cost, normal purchase price Full call number Barcode Copy number Cost, replacement price Koha item type
    Not For Loan Non-fiction D.B.Act.Division D.B.Act.Division   DBAD/PUB 350.00 307.76095453 SIN EN-71770 1 350.00 English Books

© Delhi Public Library
Hit Counter
free hit counter